Nordische Städte - Bilderquiz - Statistiken

Allgemein
  • Dieses Quiz wurde 54 mal gespielt
  • Das Durchschnittsergebnis liegt bei 12 aus 20
Antwortstatistiken
Bildquiz Antwort % Korrekt
Helsinki
98%
Kopenhagen
98%
Stockholm
96%
Oslo
94%
Göteborg
85%
Malmö
85%
Reykjavik
83%
Bergen
81%
Aarhus
60%
Trondheim
55%
Uppsala
53%
Aalborg
45%
Turku
45%
Odense
43%
Stavanger
38%
Tampere
38%
Oulu
30%
Visby
21%
Kalmar
17%
Helsingør
15%
Keine übereinstimmenden Quizze gefunden
Verteilung der Resultate
Anzahl Personen mit jedem Resultat
Perzentil nach korrekt beantworteten Fragen
Ihre Resultats-Entwicklung
Sie haben dieses Quiz noch nicht gespielt